000 00490nam a22001817a 4500
005 20260423113808.0
008 260423b |||||||| |||| 00| 0 eng d
037 _cDSWL
040 _aDSWL
_cDSWL
041 _heng
100 _aFurr, L Allen
_91235471
245 _aWomen, Violence and social stigma
260 _aJaipur,
_bRawat Publication,
_c2018
300 _a159p
365 _aINR
_b650
942 _2CC
_cTEXL
_n0
999 _c1848405
_d1848405